000 00593nam a2200229Ia 4500
005 20260320201843.0
008 008 262003s9999 xx 000 0 eng d
037 _aEBOOK
040 _aCRL
040 _beng
040 _cCRL
041 _2eng
041 _aeng
084 _qCRL
100 _aYagur
_91136127
245 0 _aFunctional Programming with C#: Unlock coding brilliance with the power of functional magic
260 _bIEEE
856 _uhttps://ieeexplore.ieee.org/servlet/opac?bknumber=10769295
942 _cEBOOK
999 _c1723914
_d1723914